| 000 | 00994cam a22002175a 4500 | ||
|---|---|---|---|
| 001 | L158644 | ||
| 008 | 150520s2015 xxk f 000 0 eng d | ||
| 035 | _a(Sirsi) u158644 | ||
| 041 | 0 | _aeng | |
| 110 | 2 |
_aJones Lang LaSalle _93755 |
|
| 245 | 0 | 4 |
_aThe business of cities 2015 _h[electronic resource] |
| 260 |
_aLondon _cJLL _b2015 |
||
| 520 | _aCompares and evaluates sources of indices relating to performance of cities throught the world. Highlights 20 key indices, identfies key top performing cities identified in the top 6 performing indices headed by New York and London. Looks at the growth of global indices and their relationship with country and regional sources. | ||
| 590 | _aKA | ||
| 650 | 2 | 4 | _aCITIES |
| 650 | 2 | 4 | _aINDICES |
| 651 | 4 | _aInternational | |
| 690 |
_aCommercial property _96227 |
||
| 856 | 4 | 0 |
_uhttps://www.jll.com/Research/jll-business-of-cities-report.pdf?43d05ebb-45b3-43e3-ab29-a736979ce141 _zView the item free of charge at www.jll.com website |
| 942 | _n0 | ||
| 999 |
_c115432 _d115432 |
||